MARC details
| 000 -LEADER |
| fixed length control field |
02315nam a22003497a 4500 |
| 001 - CONTROL NUMBER |
| control field |
105849 |
| 003 - CONTROL NUMBER IDENTIFIER |
| control field |
KnowledgeUnlatched |
| 005 - DATE AND TIME OF LATEST TRANSACTION |
| control field |
20210303104917.0 |
| 006 - FIXED-LENGTH DATA ELEMENTS--ADDITIONAL MATERIAL CHARACTERISTICS |
| fixed length control field |
m o d |
| 007 - PHYSICAL DESCRIPTION FIXED FIELD--GENERAL INFORMATION |
| fixed length control field |
cr u|||||||||| |
| 008 - FIXED-LENGTH DATA ELEMENTS--GENERAL INFORMATION |
| fixed length control field |
210129p20142020xx o u00| u spa d |
| 037 ## - SOURCE OF ACQUISITION |
| Institution to which field applies |
BiblioBoard |
| 020 ## - INTERNATIONAL STANDARD BOOK NUMBER |
| International Standard Book Number |
9789587385434 |
| 029 1# - OTHER SYSTEM CONTROL NUMBER (OCLC) |
| OCLC library identifier |
https://library.biblioboard.com/ext/api/media/d41d55e2-3d9b-41c0-916f-1504fe1d74d2/assets/thumbnail.jpg |
| 040 ## - CATALOGING SOURCE |
| Original cataloging agency |
ScCtBLL |
| Transcribing agency |
ScCtBLL |
| 100 1# - MAIN ENTRY--PERSONAL NAME |
| Personal name |
Tapias Hernández, César Augusto |
| Relator term |
author. |
| 245 00 - TITLE STATEMENT |
| Title |
Historias de familia |
| Remainder of title |
Etnografía delirante sobre el amor, la violencia y las drogas / |
| Statement of responsibility, etc. |
César Augusto Tapias Hernández. |
| 264 #1 - PRODUCTION, PUBLICATION, DISTRIBUTION, MANUFACTURE, AND COPYRIGHT NOTICE |
| Name of producer, publisher, distributor, manufacturer |
SciELO Books - Editorial Universidad del Rosario, |
| 300 ## - PHYSICAL DESCRIPTION |
| Extent |
1 online resource. |
| 506 0# - RESTRICTIONS ON ACCESS NOTE |
| Terms governing access |
Access copy available to the general public. |
| Standardized terminology for access restriction |
Unrestricted |
| Source of term |
star |
| 520 ## - SUMMARY, ETC. |
| Summary, etc. |
El ejercicio de reunir estas historias, estos conocimientos disponibles, se propuso para encontrar las palabras y los signos que, como prenociones sobre la vida cotidiana de un grupo individuos, ilustraran (no solo) un mar de problemas (sociológicos): anomías, malestares -por ejemplo, los delirios de violencia, el abuso de alcohol y drogas, las rencillas familiares, etc.-, sino también solidaridades y, sobre todo, amores: múltiples y coloridas representaciones que los individuos-partes del grupo (mis familiares y yo mismo) hacemos de nuestro estado, de nuestras condiciones, del lugar que ocupamos con respecto a los demás. Bourdianamente, me corresponde como científico social "demandar al razonamiento, la revelación de las causas estructurales que las palabras y los signos aparentes no develan más que velándolas" (Bourdieu 2000, 558). |
| 588 0# - SOURCE OF DESCRIPTION NOTE |
| Source of description note |
Description based on print version record. |
| 590 ## - LOCAL NOTE (RLIN) |
| Local note |
KU Open Services |
| 650 #7 - SUBJECT ADDED ENTRY--TOPICAL TERM |
| Topical term or geographic name entry element |
Social Science |
| Source of heading or term |
bisacsh |
| 650 #0 - SUBJECT ADDED ENTRY--TOPICAL TERM |
| Topical term or geographic name entry element |
Social sciences |
| 655 #0 - INDEX TERM--GENRE/FORM |
| Genre/form data or focus term |
Electronic books. |
| 758 ## - |
| -- |
Is found in: |
| -- |
Knowledge Unlatched |
| -- |
https://openresearchlibrary.org/module/2774bc74-146a-484f-a7ba-ab1d6a09bbfb |
| 856 40 - ELECTRONIC LOCATION AND ACCESS |
| Uniform Resource Identifier |
<a href="https://openresearchlibrary.org/content/d41d55e2-3d9b-41c0-916f-1504fe1d74d2">https://openresearchlibrary.org/content/d41d55e2-3d9b-41c0-916f-1504fe1d74d2</a> |
| Public note |
View this content on Open Research Library. |
| -- |
0 |